| 000 | 01176nam a2200301 4500 | ||
|---|---|---|---|
| 001 | 0000022246 | ||
| 003 | CO-CtgCURN | ||
| 005 | 20250507212451.0 | ||
| 007 | ta | ||
| 008 | 160627s1997 000 0 eng d | ||
| 020 | _a9586352625 | ||
| 040 |
_aCO-CtgCURN _bspa _ccoctgcurn |
||
| 082 | 0 |
_a333.72 _bZ16d |
|
| 100 | 1 | _aZapata Lugo, José Vicente. | |
| 245 | 1 | 0 |
_aDesarrollo sostenible : _bmarco para la ley internacional sobre el medio ambiente, legislacion y lineamientos internacionales / _cJosé Vicente Zapata Lugo. |
| 260 |
_aBogotá : _bLibreria del Profesional, _c1997. |
||
| 300 | _axi, 191 p. | ||
| 336 | _2rdacontent | ||
| 337 |
_2rdamedia _asin mediacion _bn |
||
| 338 |
_2rdacarrier _avolumen _bnc |
||
| 500 | _aAnexos tablas. | ||
| 504 | _aBibliografia (p.167-191) | ||
| 505 | 8 | _aTres problemas una preocupacion comun.--El derecho ambiental internacional y la dimension economica.--Contenido legal del desarrollo sostenible.--Argumentos concluyentes | |
| 650 | 1 | 4 |
_aProtección del medio ambiente _vLegislacion. |
| 908 | _a160627 | ||
| 942 |
_cBK _h333.72 _iZ16d _2ddc _n0 |
||
| 999 |
_c18396 _d18396 |
||